[Event "Pardubice Region-chT 2223"]
[Site "Czech Republic"]
[Date "2023.02.12"]
[Round "8.5"]
[White "Nespurek, Jan"]
[Black "Svab, Jiri"]
[Result "1-0"]
[WhiteElo "1616"]
[BlackElo "1822"]
[PlyCount "79"]
[EventDate "2022.10.09"]
[EventType "team-tourn"]
[EventRounds "11"]
[EventCountry "CZE"]
[SourceTitle "EXT 2024"]
[Source "ChessBase"]
[SourceDate "2023.10.10"]
[SourceVersion "1"]
[SourceVersionDate "2023.10.10"]
[SourceQuality "1"]

1. e4 e5 2. Nf3 Nc6 3. Nc3 Nf6 4. Bb5 Bb4 5. 0-0 0-0 6. d3 d6 7. Ne2 h6 8. Ng3 a6 9. Ba4 b5 10. Bb3 Na5 11. c3 Nxb3 12. axb3 Bc5 13. b4 Bb6 14. Be3 c6 15. Bxb6 Qxb6 16. d4 Re8 17. dxe5 dxe5 18. h3 Bb7 19. Qd6 Rad8 20. Qc5 Qc7 21. Rfd1 Nd7 22. Qd6 Qxd6 23. Rxd6 Nb6 24. Rad1 Rxd6 25. Rxd6 f6 26. b3 Kf7 27. Nf5 h5 28. c4 g6 29. Ne3 Ke7 30. c5 Nd7 31. Nh4 Nf8 32. g4 Rd8 33. gxh5 Rxd6 34. cxd6+ Kxd6 35. hxg6 Nxg6 36. Nxg6 c5 37. f3 cxb4 38. h4 a5 39. h5 a4 40. h6 1-0

[Event "Pardubice Region-chT 2223"]
[Site "Czech Republic"]
[Date "2022.12.11"]
[Round "5.5"]
[White "Borek, Pavel"]
[Black "Svab, Jiri"]
[Result "0-1"]
[WhiteElo "1795"]
[BlackElo "1822"]
[PlyCount "52"]
[EventDate "2022.10.09"]
[EventType "team-tourn"]
[EventRounds "11"]
[EventCountry "CZE"]
[SourceTitle "EXT 2024"]
[Source "ChessBase"]
[SourceDate "2023.10.10"]
[SourceVersion "1"]
[SourceVersionDate "2023.10.10"]
[SourceQuality "1"]

1. e4 e5 2. Nf3 Nc6 3. d4 exd4 4. Nxd4 Bc5 5. Be3 Qf6 6. c3 Nge7 7. g3 d6 8. Bg2 h5 9. h4 Bg4 10. f3 Bd7 11. Nc2 Bxe3 12. Nxe3 0-0-0 13. Nd2 Qg6 14. Ndf1 f5 15. exf5 Nxf5 16. Nxf5 Bxf5 17. Kf2 Rhg8 18. Ne3 Bd7 19. Qb1 Qf7 20. Rf1 Rde8 21. Qc1 g5 22. hxg5 h4 23. g4 Ne5 24. Kg1 Nd3 25. Qd2 Nf4 26. Nd5 Qxd5 0-1

[Event "CZE-chT2D 0910"]
[Site "Czech Republic"]
[Date "2009.11.22"]
[Round "3.7"]
[White "Macharacek, Simon"]
[Black "Svab, Jiri"]
[Result "1-0"]
[WhiteElo "2175"]
[BlackElo "1845"]
[PlyCount "87"]
[EventDate "2009.10.18"]
[EventType "team-tourn"]
[EventRounds "11"]
[EventCountry "CZE"]
[SourceTitle "EXT 2012"]
[Source "ChessBase"]
[SourceDate "2011.11.24"]
[SourceVersion "1"]
[SourceVersionDate "2011.11.24"]
[SourceQuality "1"]
[WhiteTeam "Brno Duras II"]
[BlackTeam "Litomysl"]
[WhiteTeamCountry "CZE"]
[BlackTeamCountry "CZE"]

1. e4 c5 2. Nf3 d6 3. d4 cxd4 4. Nxd4 Nf6 5. Nc3 e6 6. Be2 Be7 7. 0-0 0-0 8. Kh1 Nc6 9. Nb3 a6 10. a4 b6 11. f4 Qc7 12. Bf3 Bb7 13. Qe2 Nb4 14. f5 exf5 15. exf5 Rfe8 16. Bf4 Nd7 17. Bxb7 Qxb7 18. Rae1 Qc7 19. Qe4 Nc6 20. Nd5 Qd8 21. Nxe7+ Nxe7 22. Bxd6 Nf6 23. Bxe7 Nxe4 24. Bxd8 Raxd8 25. Kg1 Kf8 26. Rd1 Rc8 27. c3 Nc5 28. Nxc5 Rxc5 29. Rd6 b5 30. Rxa6 b4 31. cxb4 Rc2 32. f6 Rxb2 33. b5 g6 34. g3 h5 35. Rf2 Rb1+ 36. Kg2 g5 37. Rc6 Kg8 38. Rc5 g4 39. Rxh5 Re4 40. Rd2 Re8 41. Rg5+ Kh7 42. Rxg4 Re6 43. Rg7+ Kh6 44. Rxf7 1-0

[Event "CZE-chT2D 0910"]
[Site "Czech Republic"]
[Date "2009.11.08"]
[Round "2.8"]
[White "Kraus, Ondrej"]
[Black "Svab, Jiri"]
[Result "1/2-1/2"]
[WhiteElo "1888"]
[BlackElo "1845"]
[PlyCount "79"]
[EventDate "2009.10.18"]
[EventType "team-tourn"]
[EventRounds "11"]
[EventCountry "CZE"]
[SourceTitle "EXT 2012"]
[Source "ChessBase"]
[SourceDate "2011.11.24"]
[SourceVersion "1"]
[SourceVersionDate "2011.11.24"]
[SourceQuality "1"]
[WhiteTeam "Pardubice AKIS"]
[BlackTeam "Litomysl"]
[WhiteTeamCountry "CZE"]
[BlackTeamCountry "CZE"]

1. d4 Nf6 2. c4 e6 3. Nf3 d5 4. Nc3 Nbd7 5. Bg5 c6 6. e3 Be7 7. Bd3 0-0 8. 0-0 dxc4 9. Bxc4 Nd5 10. Bxe7 Qxe7 11. Qc2 Nxc3 12. Qxc3 c5 13. Rfd1 cxd4 14. Nxd4 Nb6 15. Be2 Bd7 16. Rac1 Rac8 17. Qa5 Nd5 18. Bf3 b6 19. Qd2 Qb4 20. Qxb4 Nxb4 21. a3 Rxc1 22. Rxc1 Nd3 23. Rc7 Rc8 24. Rxc8+ Bxc8 25. b4 Ne5 26. Ba8 Kf8 27. Nb5 a5 28. Nd6 axb4 29. axb4 Bd7 30. f4 Nd3 31. Nc4 b5 32. Ne5 Nxe5 33. fxe5 Ke7 34. Kf2 f6 35. exf6+ gxf6 36. Kf3 Kd6 37. Ke4 Bc6+ 38. Bxc6 Kxc6 39. g4 Kd6 40. h4 1/2-1/2